| 000 | 01135cam a2200361 a 4500 | ||
|---|---|---|---|
| 001 | 14145122 | ||
| 003 | OSt | ||
| 005 | 20140310184335.0 | ||
| 008 | 051018s2006 nyu d 000 1 eng | ||
| 010 | _a 2005027972 | ||
| 020 | _a0439757797 (hdbk. : alk. paper) | ||
| 040 |
_aDLC _cDLC _dDLC |
||
| 042 | _alcac | ||
| 050 | 0 | 0 |
_aPZ 7 _b.So6984Not 2007 |
| 100 | 1 |
_aSonnenblick, Jordan. _924114 |
|
| 245 | 1 | 0 |
_aNotes from the midnight driver / _cJordan Sonnenblick. |
| 250 | _a1st ed. | ||
| 260 |
_aNew York : _bScholastic Press, _c2007. |
||
| 300 |
_a265 p. ; _c22 cm. |
||
| 521 | _aG8 | ||
| 526 | _c930 | ||
| 650 | 1 |
_aSelf-perception _vFiction. _924115 |
|
| 650 | 1 |
_aFriendship _vFiction. _924116 |
|
| 650 | 1 |
_aNursing homes _vFiction. _924117 |
|
| 650 | 1 |
_aGuitar _vFiction. _924118 |
|
| 650 | 1 |
_aMusicians _vFiction. _924119 |
|
| 650 | 1 |
_aFamily problems _vFiction. _924120 |
|
| 906 |
_a7 _bcbc _corignew _d1 _eecip _f20 _gy-gencatlg |
||
| 942 |
_2lcc _cBK-SCHOLAS |
||
| 999 |
_c33728 _d33728 |
||